[Event "15th London Classic Open"]
[Site "London ENG"]
[Date "2025.11.30"]
[Round "5.50"]
[White "Abhyuday, Santhosh"]
[Black "Harley, Andrew D"]
[Result "1/2-1/2"]
[WhiteTitle "CM"]
[BlackTitle "FM"]
[WhiteElo "2094"]
[BlackElo "2182"]
[WhiteFideId "25624849"]
[BlackFideId "401390"]
[EventDate "2025.11.27"]

1. e4 e6 2. d4 d5 3. Nc3 Bb4 4. Ne2 dxe4 5. a3 Be7 6. Nxe4 Nf6 7. Nxf6+ Bxf6 8.
Be3 Nc6 9. Qd2 O-O 10. O-O-O b5 11. Nf4 a6 12. d5 exd5 13. Qxd5 Qxd5 14. Nxd5
Bd8 15. Bf4 Ra7 16. Be2 Na5 17. Be3 Ra8 18. Bf3 Bb7 19. Bd2 Nc4 20. Bb4 Re8 21.
Rhe1 Bg5+ 22. Kb1 c6 23. Ne7+ Bxe7 24. Bxe7 Nb6 25. Bc5 Nd5 26. Kc1 Rad8 27. g3
f6 28. b3 f5 29. c4 bxc4 30. bxc4 Nf6 31. Rxd8 Rxd8 32. Kc2 Re8 33. Rxe8+ Nxe8
34. Kc3 Nf6 35. Kd4 Nd7 36. g4 g6 37. gxf5 gxf5 38. Bd1 Kf7 39. Bh5+ Ke6 40. f4
Nf6 41. Bf3 Ng4 1/2-1/2

[Event "15th London Classic Open"]
[Site "London ENG"]
[Date "2025.11.30"]
[Round "5.51"]
[White "Kapechun, Mikhailo"]
[Black "Sefton, Adam"]
[Result "1-0"]
[WhiteElo "2174"]
[BlackElo "2035"]
[WhiteFideId "34147527"]
[BlackFideId "343400965"]
[EventDate "2025.11.27"]

1. e4 e6 2. d4 d5 3. e5 c5 4. c3 Nc6 5. Nf3 Bd7 6. Be2 Nge7 7. O-O Ng6 8. Be3
Be7 9. Nbd2 Qb6 10. Rb1 O-O 11. b4 cxb4 12. cxb4 f6 13. b5 Nd8 14. exf6 Bxf6 15.
Bd3 Be8 16. Nb3 Rc8 17. a4 Qd6 18. Qd2 Nh4 19. Nxh4 Bxh4 20. Qa5 a6 21. bxa6 b6
22. Qd2 Bxa4 23. Qa2 Bc6 24. Nd2 Ba8 25. g3 Be7 26. Rb3 Nf7 27. Qb1 e5 28. Rxb6
Rc6 29. Rxc6 Qxc6 30. Bxh7+ Kh8 31. Qg6 exd4 32. Bxd4 Bf6 33. Bxf6 gxf6 34. Qh5
Kg7 35. Bf5 Rh8 36. Qg4+ Kf8 37. Rb1 d4 38. Be4 Qxa6 39. Bxa8 Qxa8 40. Qxd4 Rh6
41. Qf4 Kg7 42. Nf3 Qa2 43. Rb8 Qd5 44. h4 Rg6 45. Rc8 Qd6 46. Qxd6 Nxd6 47.
Rc7+ Kh6 48. Kg2 Rg8 49. Nd4 Kg6 50. g4 Ra8 51. Rd7 Nf7 52. h5+ Kg7 53. Nf5+ Kg8
54. f4 Ra2+ 55. Kg3 Ra1 56. Rd2 Rg1+ 57. Rg2 Rh1 58. Kf2 Nd8 59. Rg1 Rh2+ 60.
Kg3 Ra2 61. Re1 Rd2 62. h6 Rd7 63. g5 fxg5 64. fxg5 Rd3+ 65. Kg4 Nf7 66. Re8+
Kh7 67. Re7 1-0

[Event "15th London Classic Open"]
[Site "London ENG"]
[Date "2025.11.30"]
[Round "5.52"]
[White "O'cuilleanain, Oisin"]
[Black "Varney, Zoe"]
[Result "1/2-1/2"]
[BlackTitle "WFM"]
[WhiteElo "2170"]
[BlackElo "2062"]
[WhiteFideId "2514249"]
[BlackFideId "436135"]
[EventDate "2025.11.27"]

1. e4 e5 2. Nf3 Nc6 3. Bb5 Nf6 4. d3 Bc5 5. c3 d5 6. Nbd2 dxe4 7. dxe4 O-O 8.
O-O a5 9. a4 Qe7 10. Qc2 Nb8 11. Re1 Rd8 12. h3 Nbd7 13. Nf1 Nb6 14. Ng3 Ne8 15.
Bg5 f6 16. Bd2 Qf7 17. b4 Bf8 18. bxa5 Nc4 19. a6 bxa6 20. Bc6 Rb8 21. Bd5 Be6
22. Bxe6 Qxe6 23. Bc1 Qb6 24. Qa2 Qb3 25. Qe2 Qxc3 26. Ra2 Qd3 27. Qxd3 Rxd3 28.
Nf5 Bb4 29. Rf1 Rbd8 30. Rc2 Rc3 31. Ne7+ Kf8 32. Rxc3 Bxc3 33. Nd5 Ba5 34. Ne3
Nxe3 35. Bxe3 Bb6 36. Bd2 Nd6 37. a5 Nxe4 38. axb6 Nxd2 39. bxc7 Nxf3+ 40. gxf3
Rc8 41. Ra1 Rxc7 42. Rxa6 Kf7 43. Kg2 Kg6 44. Rb6 Kg5 45. Ra6 Rf7 46. Ra5 Re7
47. Rb5 f5 48. Ra5 Re6 49. Kg3 h5 50. h4+ Kf6 51. Rb5 g5 52. Rb8 g4 53. Rf8+ Kg6
54. Rg8+ Kh6 55. Rh8+ Kg6 56. Rg8+ Kh6 1/2-1/2

[Event "15th London Classic Open"]
[Site "London ENG"]
[Date "2025.11.30"]
[Round "5.53"]
[White "Hagesather, Arne"]
[Black "Gurevich, Artjom"]
[Result "1/2-1/2"]
[WhiteElo "1975"]
[BlackElo "2163"]
[WhiteFideId "1502476"]
[BlackFideId "2603870"]
[EventDate "2025.11.27"]

1. d4 d5 2. Bf4 c5 3. e3 Nc6 4. Nf3 Qb6 5. Nc3 Nf6 6. Nb5 e5 7. dxe5 c4 8. a4 a6
9. exf6 axb5 10. axb5 Rxa1 11. Qxa1 Qxb5 12. Be2 gxf6 13. O-O Be7 14. b3 O-O 15.
Rb1 Qc5 16. bxc4 dxc4 17. Qa4 c3 18. h3 Nb4 19. Nd4 Rd8 20. Bf3 Bd7 21. Qa1 b5
22. Rb3 Nd5 23. Bxd5 Qxd5 24. Qxc3 b4 25. Qd3 Bc5 26. Qa6 Kg7 27. Rd3 Ra8 28.
Nf5+ Bxf5 29. Rxd5 Rxa6 30. Rxc5 Kg6 31. g4 Be6 32. Rb5 Ra1+ 33. Kg2 Rc1 34.
Rxb4 Rxc2 35. Rb8 Rc8 36. Rb5 Rd8 37. Kg3 Rd1 38. Rb8 Kg7 39. Bc7 Rd3 40. Ba5
Ra3 41. Bb4 Rb3 42. Kf4 h6 43. Ke4 Kg6 44. Rb6 Bc4 45. Kf4 Be6 46. h4 h5 47. f3
Rb1 48. gxh5+ Kxh5 49. Rb8 Kg6 50. e4 Kh7 51. Rb5 Bc4 52. Rb6 Rb3 53. Bc5 1/2-1/2

[Event "15th London Classic Open"]
[Site "London ENG"]
[Date "2025.11.30"]
[Round "5.54"]
[White "Khachatouri, Saro"]
[Black "Badrinath, S."]
[Result "0-1"]
[BlackTitle "CM"]
[WhiteElo "2100"]
[BlackElo "2200"]
[WhiteFideId "1638076"]
[BlackFideId "5029961"]
[EventDate "2025.11.27"]

1. Nf3 d5 2. g3 Nd7 3. Bg2 e5 4. O-O Ngf6 5. d3 Bd6 6. Nc3 O-O 7. e4 c6 8. Nh4
Nb6 9. a4 a5 10. Qe2 Re8 11. Bg5 Be6 12. Qf3 Be7 13. Nf5 Bxf5 14. Qxf5 d4 15.
Ne2 Nfd7 16. Bxe7 Qxe7 17. f4 f6 18. Rf2 Nc5 19. b3 Nc8 20. fxe5 fxe5 21. Raf1
Nd6 22. Qh5 b5 23. axb5 g6 24. Qh6 cxb5 25. Nxd4 exd4 26. e5 Nf5 27. Rxf5 gxf5
28. Bd5+ Kh8 29. Bxa8 Rxa8 30. Rxf5 Ne6 31. Rf6 Re8 32. Qh5 Rf8 33. Qf5 Rxf6 34.
exf6 Qd7 35. g4 a4 36. bxa4 bxa4 37. Qe5 Kg8 38. g5 a3 39. Qb8+ Kf7 40. Qh8 Nf8
41. Qg7+ Ke8 42. f7+ Qxf7 43. Qxd4 Qa2 44. Qa4+ Kf7 45. Kf2 Qb2 46. Qf4+ Kg7 47.
Qc7+ Kh8 48. Qc5 Kg8 49. Qc4+ Kg7 50. Qc7+ Kg6 51. Kg3 Ne6 52. Qd6 Kf5 53. Qd7
Qg7 0-1

[Event "15th London Classic Open"]
[Site "London ENG"]
[Date "2025.11.30"]
[Round "5.55"]
[White "Deepak Ambattu, Rithvik"]
[Black "Hariharan, Shambavi"]
[Result "1/2-1/2"]
[WhiteTitle "CM"]
[BlackTitle "WFM"]
[WhiteElo "2168"]
[BlackElo "1988"]
[WhiteFideId "2410060"]
[BlackFideId "488160"]
[EventDate "2025.11.27"]

1. e4 e5 2. Nf3 Nc6 3. Bb5 a6 4. Ba4 Nf6 5. O-O Be7 6. Re1 b5 7. Bb3 O-O 8. c3
d5 9. d4 dxe4 10. Nxe5 Nxe5 11. dxe5 Qxd1 12. Bxd1 Nd7 13. Rxe4 Nc5 14. Rd4 Ne6
15. Re4 Nc5 16. Re2 Nd3 17. Be3 Nxe5 18. Bf4 f6 19. Bb3+ Kh8 20. Bxe5 fxe5 21.
Nd2 Bf6 22. Ne4 Be7 23. Rd1 Bf5 24. Ng3 Bd6 25. Bc2 Be6 26. Ne4 Be7 27. Bb3 Bf5
28. Ng3 Bd6 29. h3 g6 30. Bc2 Be6 31. Ne4 Be7 32. g4 Rad8 33. Red2 Rxd2 34. Rxd2
Rf4 35. Kg2 c6 36. f3 Bd5 37. Rd1 Rf8 1/2-1/2

[Event "15th London Classic Open"]
[Site "London ENG"]
[Date "2025.11.30"]
[Round "6.1"]
[White "Pranav, Anand"]
[Black "Ivic, Velimir"]
[Result "0-1"]
[WhiteTitle "GM"]
[BlackTitle "GM"]
[WhiteElo "2581"]
[BlackElo "2618"]
[WhiteFideId "46626786"]
[BlackFideId "950122"]
[EventDate "2025.11.27"]

1. e4 c5 2. Nf3 e6 3. d4 cxd4 4. Nxd4 a6 5. Bd3 Bc5 6. Nb3 Ba7 7. Qe2 Nc6 8. Nc3
d6 9. h4 b5 10. a3 Nf6 11. g4 Bb7 12. g5 Nd7 13. Bd2 Nc5 14. Rh3 Nxb3 15. cxb3
Nd4 16. Qd1 O-O 17. Be3 e5 18. b4 Qd7 19. Rg3 Qe6 20. Bb1 Kh8 21. Ba2 Qd7 22.
Qd3 Rac8 23. h5 Ba8 24. h6 g6 25. f4 f5 26. gxf6 Rxf6 27. Kd2 Rxf4 28. Bxf4 exf4
29. Rg5 Qe7 30. Rg4 Qe5 31. Rh1 Bc6 32. Bd5 Bd7 33. Rg2 f3 34. Rf2 Bg4 35. Rhf1
Qf4+ 36. Kd1 Ne2 37. Rxf3 Nd4 38. e5 dxe5 39. Ke1 Qc1+ 40. Nd1 Bxf3 41. Bxf3
Qxh6 42. Qe4 Qh2 43. Ne3 Rc1+ 0-1

[Event "15th London Classic Open"]
[Site "London ENG"]
[Date "2025.11.30"]
[Round "6.2"]
[White "Praggnanandhaa, R"]
[Black "Rozen, Eytan"]
[Result "1-0"]
[WhiteTitle "GM"]
[BlackTitle "IM"]
[WhiteElo "2768"]
[BlackElo "2515"]
[WhiteFideId "25059530"]
[BlackFideId "2816750"]
[EventDate "2025.11.27"]

1. e4 c5 2. Nf3 d6 3. d4 cxd4 4. Nxd4 Nf6 5. Nc3 a6 6. g3 g6 7. Bg2 Bg7 8. O-O
O-O 9. h3 Bd7 10. Be3 Nc6 11. Nde2 Rc8 12. Nd5 b5 13. Rc1 b4 14. b3 a5 15. Qd2
Be6 16. c3 bxc3 17. Rxc3 Nd7 18. Rc2 Nc5 19. Rd1 Ne5 20. Nd4 Bd7 21. Qe2 e6 22.
Nc3 Qe7 23. Ndb5 Nb7 24. Na7 Rb8 25. Ncb5 Bxb5 26. Nxb5 Rfc8 27. Rdc1 Qd7 28.
Rc7 Qe8 29. Ba7 Ra8 30. R1c2 Rxc7 31. Nxc7 Qd8 32. Nxa8 Qxa8 33. Be3 1-0

[Event "15th London Classic Open"]
[Site "London ENG"]
[Date "2025.11.30"]
[Round "6.4"]
[White "Smirin, Ilia"]
[Black "Chasin, Nico"]
[Result "1/2-1/2"]
[WhiteTitle "GM"]
[BlackTitle "IM"]
[WhiteElo "2554"]
[BlackElo "2512"]
[WhiteFideId "2801990"]
[BlackFideId "30908477"]
[EventDate "2025.11.27"]

1. e4 e5 2. Bc4 Nf6 3. d3 c6 4. Nf3 d5 5. Bb3 Bb4+ 6. c3 Bd6 7. Bg5 Be6 8. Nbd2
h6 9. Bh4 Nbd7 10. d4 Qc7 11. exd5 Bxd5 12. Bxd5 Nxd5 13. O-O g5 14. Bg3 O-O-O
15. Nc4 Nf4 16. Re1 exd4 17. Nxd6+ Qxd6 18. Qxd4 Qxd4 19. Nxd4 Nc5 20. Bxf4 gxf4
21. Re7 Rhe8 22. Rxf7 Nd3 23. h4 c5 24. Nf5 Re2 25. Rf1 h5 26. Ng7 Rd5 27. c4
Rde5 28. Nf5 Rxb2 29. Nd6+ Kd8 30. Nxb7+ Kc8 31. Nd6+ Kb8 32. Rf8+ Kc7 33. Nb5+
Kb6 34. a3 Re4 35. Rf6+ Ka5 36. Nxa7 Rxc4 37. Nc6+ Ka4 38. Rd6 Rc3 39. Rd5 Re2
40. Rxh5 Rcc2 41. Rf5 Kxa3 42. Kh2 Re6 43. Nd8 Rh6 44. h5 Nxf2 45. Nf7 Rh7 46.
Ne5 Ka2 47. Kg1 Ne4 48. R1xf4 Ng3 49. Rf2 Rxf2 50. Rxf2+ Kb1 51. Rf3 1/2-1/2

[Event "15th London Classic Open"]
[Site "London ENG"]
[Date "2025.11.30"]
[Round "6.5"]
[White "Sanal, Vahap"]
[Black "Fodor, Tamas Jr."]
[Result "1/2-1/2"]
[WhiteTitle "GM"]
[BlackTitle "GM"]
[WhiteElo "2546"]
[BlackElo "2508"]
[WhiteFideId "6300545"]
[BlackFideId "723762"]
[EventDate "2025.11.27"]

1. d4 d5 2. Nf3 e6 3. e3 c5 4. Bb5+ Nd7 5. O-O a6 6. Be2 Ngf6 7. b3 Bd6 8. Bb2
O-O 9. Nbd2 b6 10. c4 Bb7 11. Rc1 Qe7 12. cxd5 exd5 13. Qc2 Rac8 14. Qf5 Qe6 15.
Qb1 Ne4 16. Nxe4 dxe4 17. Nd2 Rfe8 18. Rfd1 cxd4 19. Rxc8 Rxc8 20. Bxd4 Nc5 21.
Nc4 Bf8 22. Nxb6 Qxb6 23. b4 Bd5 24. bxc5 Qa5 25. Qb6 Qxa2 26. Qxa6 Ra8 27. Qxa2
Rxa2 28. Kf1 Rc2 29. Bb5 h6 30. Ba4 Ra2 31. Bd7 Rc2 32. Rb1 Bxc5 33. Rb8+ Bf8
34. Be5 Ra2 35. Rd8 Ra8 36. Bb8 g6 37. g4 f6 38. Bb5 Be6 39. Bc6 Ra1+ 40. Kg2
Kg7 41. h3 Be7 42. Rd2 Rb1 43. Bf4 Rb4 44. Bd7 Bc4 45. Rc2 g5 46. Bg3 Bd3 47.
Ra2 Bc4 48. Rd2 Bd3 49. Bf5 Rb3 50. Kh2 Bc5 51. Ra2 Kf7 52. Ra5 Rc3 53. Ra4 Ra3
54. Rxa3 Bxa3 55. f3 Bc5 56. Bf2 Bd6+ 57. Kg1 Bc5 58. Bxe4 Bxe4 59. fxe4 Kg6 60.
Kg2 h5 61. gxh5+ Kxh5 62. Kf3 Bd6 63. Bg3 Be5 64. Be1 Bb2 65. Bf2 Bc3 66. Kg2
Be5 67. Bg3 Kg6 68. Kf2 Kh6 1/2-1/2

[Event "15th London Classic Open"]
[Site "London ENG"]
[Date "2025.11.30"]
[Round "6.6"]
[White "Fernandez, Daniel Howard"]
[Black "Gavrilescu, David"]
[Result "1/2-1/2"]
[WhiteTitle "GM"]
[BlackTitle "GM"]
[WhiteElo "2501"]
[BlackElo "2542"]
[WhiteFideId "5801605"]
[BlackFideId "1227190"]
[EventDate "2025.11.27"]

1. Nf3 d5 2. e3 Nf6 3. Be2 c5 4. b3 e6 5. Bb2 Nc6 6. O-O Be7 7. d4 O-O 8. Nbd2
b6 9. Ne5 Bb7 10. Bd3 Nb4 11. f4 Rc8 1/2-1/2

[Event "15th London Classic Open"]
[Site "London ENG"]
[Date "2025.11.30"]
[Round "6.7"]
[White "Ghasi, Ameet K"]
[Black "Kazarian, Anna-Maja"]
[Result "1-0"]
[WhiteTitle "GM"]
[BlackTitle "FM"]
[WhiteElo "2500"]
[BlackElo "2224"]
[WhiteFideId "409200"]
[BlackFideId "1033689"]
[EventDate "2025.11.27"]

1. Nf3 Nf6 2. c4 e6 3. g3 b6 4. Bg2 Bb7 5. O-O c5 6. Nc3 Be7 7. d4 cxd4 8. Qxd4
Nc6 9. Qf4 O-O 10. Rd1 d6 11. b3 e5 12. Qf5 g6 13. Qc2 Qd7 14. Bg5 Rac8 15. Rd2
Rfd8 16. Rad1 Ne8 17. Bh6 Nf6 18. h3 Qe8 19. Qb1 Nb8 20. Bg5 Nbd7 21. Nxe5 Bxg2
22. Nxd7 Ne4 23. Nxe4 Bxe4 24. Bxe7 Rxd7 25. Qxe4 Rxe7 26. Qf3 b5 27. cxb5 Qxb5
28. e3 Qa5 29. h4 Rec7 30. Kg2 Rc5 31. Rxd6 Qxa2 32. Qf6 Re8 33. Rd8 Rc8 34. h5
Rcxd8 35. h6 Kf8 36. Rxd8 Qa5 37. Qh8+ 1-0

[Event "15th London Classic Open"]
[Site "London ENG"]
[Date "2025.11.30"]
[Round "6.8"]
[White "Yuffa, Daniil"]
[Black "Wadsworth, Matthew J"]
[Result "1/2-1/2"]
[WhiteTitle "GM"]
[BlackTitle "GM"]
[WhiteElo "2618"]
[BlackElo "2487"]
[WhiteFideId "24131423"]
[BlackFideId "415804"]
[EventDate "2025.11.27"]

1. e4 e6 2. d4 d5 3. Nc3 Nf6 4. e5 Nfd7 5. Nce2 c5 6. c3 Nc6 7. a3 c4 8. Nf3 Na5
9. Bg5 Be7 10. h4 h6 11. Bxe7 Qxe7 12. h5 Nb6 13. Nd2 Bd7 14. g3 Ba4 15. Qb1
O-O-O 16. Nf4 Kb8 17. Be2 Rdg8 18. Kf1 Qe8 19. Kg1 a6 20. Ng2 Ka7 21. Rh4 g5 22.
Rh2 f5 23. exf6 Nd7 24. Ne3 Nxf6 25. Qe1 Rf8 26. Qb1 Nb3 27. Nxb3 Bxb3 28. Qg6
Qe7 29. Bf3 Rhg8 30. Qb1 g4 31. Bh1 Rg5 32. Qe1 Qf7 33. Qe2 Ba4 34. Rf1 Rxh5 35.
Nxg4 Nxg4 36. Qxg4 Rxh2 37. Kxh2 Bc2 38. f3 Rg8 39. Qh4 Rg5 40. g4 Qg6 41. Bg2
h5 42. Bh3 hxg4 43. fxg4 Qg7 44. Qg3 Bd3 45. Rf2 e5 46. dxe5 Rxe5 47. Rg2 Qg5
48. Rf2 1/2-1/2

[Event "15th London Classic Open"]
[Site "London ENG"]
[Date "2025.11.30"]
[Round "6.9"]
[White "Siva, Mahadevan"]
[Black "Kraemer, Martin"]
[Result "0-1"]
[WhiteTitle "IM"]
[BlackTitle "GM"]
[WhiteElo "2424"]
[BlackElo "2571"]
[WhiteFideId "25043153"]
[BlackFideId "4671910"]
[EventDate "2025.11.27"]

1. e4 e5 2. Nf3 Nc6 3. Bb5 a6 4. Ba4 Nf6 5. O-O Be7 6. Re1 b5 7. Bb3 O-O 8. a4
Rb8 9. axb5 axb5 10. c3 d6 11. d4 exd4 12. cxd4 d5 13. e5 Ne4 14. Nbd2 Bf5 15.
Bc2 Nb4 16. Bb1 Ra8 17. Rxa8 Qxa8 18. Qe2 c5 19. dxc5 Bxc5 20. Nxe4 Bxe4 21.
Bxe4 dxe4 22. Qxe4 Qxe4 23. Rxe4 Ra8 24. Re1 Nd3 25. Rf1 Nxf2 26. b4 Bb6 27. g3
Nd3+ 28. Kg2 Ra2+ 29. Bd2 Be3 30. Rd1 Nb2 31. Bxe3 Nxd1+ 32. Bd2 Ne3+ 33. Kh3
Nc4 34. Bg5 Re2 35. Be7 Re4 36. Bc5 Nxe5 37. Nd4 Nd3 38. Nxb5 Nxc5 39. bxc5 Rc4 0-1

[Event "15th London Classic Open"]
[Site "London ENG"]
[Date "2025.11.30"]
[Round "6.10"]
[White "Jumabayev, Rinat"]
[Black "Gasanov, Eldar"]
[Result "1/2-1/2"]
[WhiteTitle "GM"]
[BlackTitle "GM"]
[WhiteElo "2560"]
[BlackElo "2447"]
[WhiteFideId "13702661"]
[BlackFideId "14104466"]
[EventDate "2025.11.27"]

1. e4 e5 2. Nf3 Nc6 3. Bc4 Nf6 4. d3 h6 5. O-O d6 6. a4 g6 7. a5 a6 8. c3 Bg7 9.
Re1 O-O 10. Nbd2 Kh8 11. b4 d5 12. Bb3 Be6 13. Bb2 Re8 14. Qc2 Nh5 15. g3 f5 16.
exd5 Bxd5 17. Re3 Nf6 18. Rae1 Bxb3 19. Nxb3 Nd5 20. R3e2 b6 21. Qc1 Qd7 22. Qa1
Kh7 23. Nbd2 bxa5 24. bxa5 Nf6 25. Nc4 Ng4 26. Qd1 Qd5 27. Nfd2 Qxd3 28. h3 Nf6
29. Re3 Qd5 30. Qe2 e4 31. f3 exf3 32. Qxf3 Qxf3 33. Nxf3 Rxe3 34. Rxe3 Ne4 35.
g4 Bf6 36. gxf5 gxf5 37. Rd3 Rd8 38. Rxd8 Nxd8 39. Ne3 Nxc3 40. Nxf5 Ne2+ 41.
Kf2 Bxb2 42. Kxe2 Nc6 43. Kd3 Nxa5 44. Ne7 Ba3 45. Nd5 Bd6 46. Nd4 Kg6 47. Ne6
c6 48. Ne3 Kf6 49. Nd4 h5 50. Nf3 Bf4 51. Nc2 Bd6 52. Ne3 Nb7 53. Nd4 Nd8 54.
Nc4 Bc7 55. Ke4 Bg3 56. Nf5 Be1 57. Nd4 Bc3 58. Ne2 Bb4 59. h4 Ne6 60. Ng3 Ng7
61. Ne2 a5 62. Ne5 c5 63. Nd7+ Ke6 64. Nb6 Be1 65. Nf4+ Kd6 66. Nd3 Bc3 67. Nc4+
Kc6 68. Nf4 a4 69. Kd3 Bf6 70. Ng2 Kb5 71. Nd6+ Kb4 72. Ne3 Kb3 73. Ne4 Bd4 74.
Nd2+ Kb2 75. Ndc4+ Kc1 76. Nd5 Bb2 77. Nf4 a3 78. Ne2+ Kd1 79. Nc3+ Ke1 80. Nxb2
axb2 81. Kc2 Kf2 82. Ne4+ Kf3 83. Nxc5 Kg4 84. Ne4 Ne8 85. Kxb2 Kxh4 86. Kc3 Kh3
87. Kd4 h4 88. Ke3 Kg2 89. Ng5 Kg3 90. Ke2 Kg2 91. Ke3 Nf6 92. Kf4 Kf2 93. Ne4+
Nxe4 1/2-1/2

[Event "15th London Classic Open"]
[Site "London ENG"]
[Date "2025.11.30"]
[Round "6.11"]
[White "Cornette, Matthieu"]
[Black "Aizenberg, Benny"]
[Result "1/2-1/2"]
[WhiteTitle "GM"]
[BlackTitle "IM"]
[WhiteElo "2517"]
[BlackElo "2444"]
[WhiteFideId "620084"]
[BlackFideId "2821125"]
[EventDate "2025.11.27"]

1. e4 c5 2. Nc3 d6 3. f4 Nc6 4. Nf3 g6 5. Bb5 Bg7 6. Bxc6+ bxc6 7. d3 Nf6 8. O-O
O-O 9. Qe1 Bg4 10. b3 Nd7 11. Bb2 Rb8 12. Nd2 Bd4+ 13. Kh1 f6 14. Qh4 Be6 15.
Nf3 Bf7 16. Nxd4 cxd4 17. Ne2 e5 18. Bc1 c5 19. f5 g5 20. Qh6 Kh8 21. g4 Rg8 22.
Ng3 Qf8 23. Qxf8 Rbxf8 24. Kg2 Rc8 25. Kf3 Kg7 26. Rh1 d5 27. h4 h6 28. hxg5
hxg5 29. Ba3 c4 30. Rh2 Rh8 31. Rxh8 Kxh8 32. Rh1+ Kg7 33. Nh5+ Bxh5 34. gxh5
cxd3 35. cxd3 Rc3 36. Rd1 dxe4+ 37. Kxe4 Nc5+ 38. Bxc5 Rxc5 39. b4 Rc2 40. a4
Kh6 41. b5 g4 42. Rh1 g3 43. a5 Rb2 44. Rg1 g2 45. b6 axb6 46. axb6 Kxh5 47. b7
Rxb7 48. Rxg2 Rb1 49. Rg6 Re1+ 50. Kd5 Re3 51. Rxf6 Kg5 52. Rf8 Rxd3 53. Kxe5
Re3+ 54. Kxd4 Re1 1/2-1/2

[Event "15th London Classic Open"]
[Site "London ENG"]
[Date "2025.11.30"]
[Round "6.12"]
[White "Mikhalevski, Victor"]
[Black "Kovchan, Alexander"]
[Result "1/2-1/2"]
[WhiteTitle "GM"]
[BlackTitle "GM"]
[WhiteElo "2504"]
[BlackElo "2440"]
[WhiteFideId "2801914"]
[BlackFideId "14103052"]
[EventDate "2025.11.27"]

1. Nf3 g6 2. c4 d6 3. d4 f5 4. Nc3 Nf6 5. g3 Bg7 6. Bg2 O-O 7. O-O c6 8. d5 e5
9. dxe6 Bxe6 10. b3 Na6 11. Ng5 Qe7 12. Ba3 Rad8 13. Nxe6 Qxe6 14. Qc2 Rfe8 15.
Rad1 Nc5 16. e3 Ng4 17. Nd5 Qf7 18. h3 Nf6 19. Nxf6+ Qxf6 20. h4 h6 21. Rd4 Qe6
22. Rd2 Ne4 23. Bxe4 fxe4 24. Rfd1 Bf8 25. b4 a6 26. Bb2 Rd7 27. a4 g5 28. h5
Qg4 29. b5 Qxh5 30. bxc6 bxc6 31. Qc3 Bg7 32. Qb3 Bxb2 33. Qxb2 Rf8 34. Rxd6
Qxd1+ 35. Rxd1 Rxd1+ 36. Kg2 Rd6 37. Kh3 Rdf6 38. Qe5 Rxf2 39. Qxe4 R8f6 40. Kg4
Kf7 41. Qh7+ Ke8 42. a5 Re6 43. Qa7 Re4+ 44. Kh5 g4 45. Qc7 Re6 46. Kxg4 Rg6+
47. Kh5 Rg5+ 48. Kxh6 Rg8 49. Qxc6+ Kf7 50. Qb7+ Kf8 51. Qa8+ Kf7 52. Qa7+ Kf8
53. Qb8+ Kf7 54. Qc7+ Kf8 55. Qd8+ Kf7 56. Qd7+ Kf8 57. Qd6+ Kf7 58. Qd5+ Kf8
59. Qc5+ Kf7 60. Qh5+ Kf8 61. Qc5+ Kf7 62. Qd5+ 1/2-1/2

[Event "15th London Classic Open"]
[Site "London ENG"]
[Date "2025.11.30"]
[Round "6.13"]
[White "Willow, Jonah B"]
[Black "Royal, Shreyas"]
[Result "1-0"]
[WhiteTitle "IM"]
[BlackTitle "GM"]
[WhiteElo "2472"]
[BlackElo "2495"]
[WhiteFideId "438804"]
[BlackFideId "448869"]
[EventDate "2025.11.27"]

1. c4 Nf6 2. Nc3 e6 3. e4 c5 4. e5 Ng8 5. d4 cxd4 6. Qxd4 Nc6 7. Qf4 d6 8. Nf3
Nh6 9. Be2 Nf5 10. O-O dxe5 11. Nxe5 Qc7 12. Nxc6 Bd6 13. Qe4 Qxc6 14. Qxc6+
bxc6 15. Rd1 Be7 16. Bf4 Bb7 17. g4 Nh4 18. Bg3 f5 19. c5 Rf8 20. Bc4 fxg4 21.
Bxe6 Bc8 22. Bc4 Bf5 23. b4 Nf3+ 24. Kg2 Rd8 25. Rxd8+ Bxd8 26. b5 Bf6 27. Rc1
cxb5 28. Nxb5 Kd7 29. Bd5 Be5 30. c6+ Ke7 31. c7 Bc8 32. Nxa7 Kd6 33. Nxc8+ Rxc8
34. Bxf3 gxf3+ 35. Kxf3 1-0

[Event "15th London Classic Open"]
[Site "London ENG"]
[Date "2025.11.30"]
[Round "6.14"]
[White "Willems, Niels"]
[Black "Grieve, Harry"]
[Result "1/2-1/2"]
[WhiteTitle "FM"]
[BlackTitle "IM"]
[WhiteElo "2368"]
[BlackElo "2491"]
[WhiteFideId "20695586"]
[BlackFideId "426520"]
[EventDate "2025.11.27"]

1. c4 e6 2. Nc3 d5 3. e3 Nf6 4. Nf3 a6 5. b3 c5 6. cxd5 exd5 7. d4 Nc6 8. Bb2
Bg4 9. Be2 Bxf3 10. Bxf3 cxd4 11. exd4 Bb4 12. O-O Bxc3 13. Bxc3 O-O 14. Re1 Qd6
15. Qd3 Rfe8 16. g3 Rac8 17. Kg2 h6 18. Rac1 Qa3 19. Qd2 Rxe1 20. Rxe1 a5 21.
Re3 b5 22. Qe2 Na7 23. Re7 Nc6 24. Re3 Na7 25. Re7 Nc6 1/2-1/2

[Event "15th London Classic Open"]
[Site "London ENG"]
[Date "2025.11.30"]
[Round "6.15"]
[White "Coicev, Matei-Andrei"]
[Black "Bazakutsa, Svyatoslav"]
[Result "1/2-1/2"]
[WhiteTitle "FM"]
[BlackTitle "IM"]
[WhiteElo "2332"]
[BlackElo "2478"]
[WhiteFideId "1279688"]
[BlackFideId "14198525"]
[EventDate "2025.11.27"]

1. e4 c5 2. c3 d5 3. exd5 Qxd5 4. d4 Nf6 5. Nf3 Nc6 6. Be3 Bg4 7. dxc5 e6 8. Be2
Qxd1+ 9. Bxd1 Nd5 10. Ba4 Bxf3 11. gxf3 Nxe3 12. fxe3 Bxc5 13. Ke2 O-O-O 14. Nd2
Ne5 15. Ne4 Bb6 16. c4 h6 17. c5 Bc7 18. Rhd1 Rxd1 19. Rxd1 Rd8 20. Rxd8+ Kxd8
21. f4 Ng4 22. h3 Nf6 23. Nxf6 1/2-1/2

[Event "15th London Classic Open"]
[Site "London ENG"]
[Date "2025.11.30"]
[Round "6.16"]
[White "Greenfeld, Alon"]
[Black "Wells, Peter K"]
[Result "1/2-1/2"]
[WhiteTitle "GM"]
[BlackTitle "GM"]
[WhiteElo "2465"]
[BlackElo "2321"]
[WhiteFideId "2800039"]
[BlackFideId "400327"]
[EventDate "2025.11.27"]

1. Nf3 d5 2. d4 Nf6 3. c4 e6 4. Nc3 c6 5. e3 Nbd7 6. Bd3 dxc4 7. Bxc4 b5 8. Bd3
Bb7 9. e4 b4 10. Na4 c5 11. e5 Nd5 12. O-O cxd4 13. Nxd4 g6 14. Qg4 Nc7 15. Re1
Bg7 16. Bg5 Qb8 17. Qg3 Bd5 18. Rac1 O-O 19. h4 Rc8 20. Bf4 a6 21. h5 Qb7 22.
Nc5 Nxc5 23. Rxc5 Ne8 24. Rxc8 Rxc8 25. Nc2 b3 26. axb3 Qxb3 27. Re2 Qxb2 28.
Kh2 Qb3 29. Nd4 Qa3 30. Re3 Rc3 31. Ne2 Rb3 32. Nd4 Rc3 33. Ne2 Rb3 34. Nd4 1/2-1/2